000 00592nam a2200205Ia 4500
003 Ost
005 20260507075659.0
008 260507s9999||||xx |||||||||||||| ||und||
040 _cfsecg
041 _aara
100 _aسنو، مي العبد الله
_eمؤلف
245 0 _aالاتصال في عصر العولمة /
_c مي العبد الله سنو
260 _aالاسكندرية:
_bالدار الجامعية,
_c1999
300 _a312 صفحة؛
520 _a-
653 _aالتخطيط
653 _aالتنمية
653 _aالساحة
942 _cكتاب
999 _c45780
_d45780